000 00487nam a2200193Ia 4500
003 LK-CoDNM
005 20240823153039.0
008 010623t1865 xxu||||| |||| 00| 1 eng d
040 _aLK-CoDNM
_dLK-CoDNM
_eLK-CoDNM
041 _aeng
080 _a7
_bS14.1
100 _aBaillie,Neil.B.
245 _aA Digest of Moohummudan law
260 _bSmith,Elder Company
_aLondon
_c1865
300 _bXLVIII, 804P. : 21 cm
650 _aBritish Courts
650 _aIndia
942 _cBK
999 _c81584
_d81584